000
00325nam a22001457a 4500
008
230613b ||||| |||| 00| 0 eng d
020
_a
9780205913701
041
_a
eng
080
_2
SEVENTH EDITION
_a
615
082
_a
615McK
100
_a
15
101
_a
FAR
245
_a
DRUGS AND BEHAVIOR
_c
McKIM.W
942
_2
udc
_c
BK
999
_c
59955
_d
59955